000 00358nam a2200109Ia 4500
008 180205s9999 xx 000 0 und d
020 _a9780194756129
100 _aCraven, Miles
245 _cSherman, Kristin D.
_aQ: skills for success listening and speaking :
_bwith online practice
260 _aUSA
_bOxford university press
_c2010
300 _aiii, 228 pages
999 _c354720
_d354720